000 00694cam a2200229 a 4500
001 000014017
003 DO-SdBNP
005 20251028141031.0
008 800226s1978 ve 001 0 spa
040 _aDO-SdBNP
_bspa
_cLC
_dBNPHU
049 _aBNGR
082 _a324.6987
_bB826c
100 1 _aBravo, Argelia.
_931717
245 1 0 _aCrísis, elecciones y violencia /
_cArgelia Bravo.
260 _aCaracas :
_bRuptura,
_c1978.
300 _a173 p. ;
_c23 cm.
650 4 _aViolencia
_zVenezuela.
_931720
651 4 _aElecciones
_vVenezuela
_y1974-1999.
_931718
651 0 _aVenezuela
_xPolitica y gobierno
_y1974-1999
_926230
910 _aCatalogación por copia / LC
942 _2ddc
_cLBS1
999 _c13621
_d13621